Science Quiz

Random Science or Physics Quiz
Score 0/15 Timer 04:00
6 Plays Today
% Correct
The Fabric of the Cosmos
78.9%
Oxygen
78.2%
Stiff
77.3%
The Innovators
76.7%
Physics of the Impossible
76%
What If?
74.8%
The Emperor of All Maladies
72.8%
The Calculus Diaries
71.7%
% Correct
The Ancestor's Tale
71.2%
Genome
70.8%
Fermat's Enigma
69.1%
The Hot Zone
57%
Bonk
55.4%
The Demon-Haunted World
47.5%
The Disappearing Spoon
38.7%
Remove Ads.
Support Sporcle.
Get the best of Sporcle when you Go Orange. This ad-free experience offers more features, more stats, and more fun while also helping to support Sporcle. Thank you for becoming a member.

You're not logged in!

Compare scores with friends on all Sporcle quizzes.
OR
Log In

Show Comments

Extras

Top Quizzes Today


Score Distribution

Your Account Isn't Verified!

In order to create a playlist on Sporcle, you need to verify the email address you used during registration. Go to your Sporcle Settings to finish the process.

Report this User

Report this user for behavior that violates our Community Guidelines.

Details: